Europa vs. Europa #16 - Statistiken

Allgemein
  • Dieses Quiz wurde 35 mal gespielt
  • Das Durchschnittsergebnis liegt bei 10 aus 14
Antwortstatistiken
Frage Antwort % Korrekt
...Gesundheitswesen? Schweden🇸🇪
94%
...Lebenserwartung? Schweden🇸🇪
94%
...Bruttoinlandsprodukt pro Kopf? Schweden🇸🇪
91%
...Happy Planet Index? Schweden🇸🇪
91%
...Einwohner? Polen🇵🇱
88%
...durchschnittlicher IQ? Schweden🇸🇪
88%
...HDI (Human Development Index)? Schweden🇸🇪
85%
...Gewinner? Schweden🇸🇪
82%
...Militär? Polen🇵🇱
79%
...Fläche? Schweden🇸🇪
73%
...Bruttoinlandsprodukt? Polen🇵🇱
48%
...Exportmengen? Schweden🇸🇪
36%
...Tourismus? Polen🇵🇱
15%
...Frieden? Polen🇵🇱
6%
Keine übereinstimmenden Quizze gefunden
Verteilung der Resultate
Anzahl Personen mit jedem Resultat
Perzentil nach korrekt beantworteten Fragen
Ihre Resultats-Entwicklung
Sie haben dieses Quiz noch nicht gespielt